000
00244nam a22001217a 4500
008
180919b xxu||||| |||| 00| 0 eng d
041
_a
eng
080
_a
781
100
_a
45
101
_a
MUS
245
_a
Musicals
_c
Muir.K
942
_2
udc
_c
BK
999
_c
48044
_d
48044